Maailman valtioiden virallisia rautatieyhtiöitä - Statistics

Yleistilastot
  • Tätä visaa on pelattu 6 kertaa
  • Keskiarvotulos 6 / 16
Vastaustilastot
Kuvavisa Vastaus % Oikein
Saksa / Deutsche Bahn
100%
Suomi / VR
100%
Venäjä / RZD
83%
Sveitsi / Schweizerische Bundesbahnen
67%
Etelä-Korea / 코레일
50%
Alankomaat / Nederlandse Spoorwegen
33%
Ruotsi / SJ AB
33%
Japani / Japan Railways Group
17%
Norja / Vy
17%
Ranska / SNCF
17%
Thaimaa / State Railway of Thailand
17%
Unkari / Magyar Államvasutak
17%
Brasilia / RFFSA
0%
Etelä-Afrikka / Passenger Rail Agency of South Africa
0%
Kanada / Canadian national railway
0%
Viro / Eesti Raudtee
0%
Ehtoja vastaavia visoja ei löytynyt
Tulosjakauma
Jokaisen tuloksen saaneiden osuus
Persentiili vastausten määrän mukaan
Tuloshistoriasi
Et ole pelannut tätä visaa